|
|
|
|
| LEADER |
00000nkm a2200000 a 4500 |
| 001 |
vtls011916066 |
| 003 |
SK-MaSNL |
| 005 |
20260331211520.0 |
| 007 |
kf co |
| 008 |
231120q1971 xo g kuslo |
| 015 |
|
|
|a SNBG1971
|
| 035 |
|
|
|a urn:nbn:sk:snk-km00eaf3
|
| 035 |
|
|
|a urn:nbn:sk:snk-km43gr5
|
| 035 |
|
|
|a 33D88004-9A24-43E1-AE89-6B0DA3D94BFB
|
| 040 |
|
|
|a SNK
|b slo
|c SNK
|e AACR2
|
| 041 |
0 |
|
|a slo
|
| 043 |
|
|
|a e-xo---
|
| 044 |
|
|
|a xo
|c SK
|
| 072 |
|
7 |
|a 913
|x Regionálna geografia
|2 konspekt
|
| 080 |
|
|
|a 913(437.6)
|2 2011
|
| 080 |
|
|
|a 640.412
|2 2011
|
| 080 |
|
|
|a (084.121)
|2 2011
|
| 080 |
|
|
|a 640.443
|2 2011
|
| 080 |
|
|
|a 643.56
|2 2011
|
| 080 |
|
|
|a 72.012
|2 2011
|
| 080 |
|
|
|a 911.2(23.046)
|2 2011
|
| 080 |
|
|
|a 551.4.036
|2 2011
|
| 080 |
|
|
|a 911.2(23.0)
|2 2011
|
| 100 |
1 |
|
|a Blažek, Juraj
|4 pht
|9 61188
|
| 245 |
1 |
0 |
|a Športhotel Donovaly
|h grafika
|c foto: J. Blažek
|
| 260 |
|
|
|a Bratislava
|b Pressfoto
|c [1971?]
|
| 300 |
|
|
|a 1 pohľadnica (4 čiastkové pohľady)
|b farebná
|c 11 x 23 cm
|
| 500 |
|
|
|a Názvové údaje prevzaté z obrazovej časti pohľadnice
|
| 520 |
8 |
|
|a Zobrazenie: Štyri čiastkové pohľady, každý v bielom orámovaní, vľavo a vpravo dva v okrúhlych tvaroch, uprostred hore a dole v hranatých, všetky na zelenom podklade. Pohľad na bar v Športhoteli. Pohľad na lúky v doline, v pozadí na kopci vidno pod zalesnenou horou rekreačné zariadenia. Pohľad na Športhotel zvonku, pred ním sú zaparkované autá. Pohľad na halu so stolmi a stoličkami v hoteli
|
| 650 |
0 |
7 |
|a hotely
|2 SNKPH
|9 18422
|
| 650 |
0 |
7 |
|a bary
|2 SNKPH
|9 30142
|
| 650 |
0 |
7 |
|a haly
|2 SNKPH
|9 88904
|
| 650 |
0 |
7 |
|a doliny
|2 SNKPH
|9 256361
|
| 650 |
0 |
7 |
|a hory
|2 SNKPH
|9 55651
|
| 651 |
|
7 |
|a Donovaly (Slovensko)
|2 SNKPHgeo
|9 14559
|
| 655 |
|
7 |
|a miestne pohľadnice
|2 SNKPH
|9 70510
|
| 655 |
|
7 |
|a geografické pohľadnice
|2 SNKPH
|9 70522
|
| 852 |
|
|
|a Slovenská národná knižnica
|
| 954 |
|
|
|a pohľadnice pôvodné (slovenské)
|2 lita
|
| 958 |
|
|
|a GBN
|
| 958 |
|
|
|a GC
|
| 958 |
|
|
|a OND
|
| 958 |
|
|
|a EUIPO
|
| 999 |
|
|
|c 950479
|d 952409
|
| 952 |
|
|
|a SNK
|b SNK
|y PREZ
|7 0
|p 17A1381603
|o snkSP 126534
|z Pohľadnica prešla poštou.
|0 0
|1 0
|4 0
|d 2020-02-07
|f 1
|l 0
|r 2026-02-24 09:46:47
|w 2026-02-24
|